000
00305nam a2200133Ia 4500
005
20251222141823.0
008
251222s9999||||xx |||||||||||||| ||spa||
020
_a
84-481-2492-8
082
_a
370.152.3/T22
100
_a
Tarpy, Roger M.
245
0
_a
Aprendizaje:
264
_b
McGraw-Hill
942
_c
LIB
999
_c
6869
_d
6869